<?xml version="1.0" encoding="UTF-8"?>
<record
    xmlns:xsi="http://www.w3.org/2001/XMLSchema-instance"
    xsi:schemaLocation="http://www.loc.gov/MARC21/slim http://www.loc.gov/standards/marcxml/schema/MARC21slim.xsd"
    xmlns="http://www.loc.gov/MARC21/slim">

  <leader>01676nam a2200253Ia 4500</leader>
  <datafield tag="952" ind1=" " ind2=" ">
    <subfield code="0">0</subfield>
    <subfield code="1">0</subfield>
    <subfield code="2">lcc</subfield>
    <subfield code="4">0</subfield>
    <subfield code="7">0</subfield>
    <subfield code="a">21</subfield>
    <subfield code="b">21</subfield>
    <subfield code="d">2012-05-24</subfield>
    <subfield code="l">4</subfield>
    <subfield code="o">D308 L69 r2007 </subfield>
    <subfield code="p">21 000973</subfield>
    <subfield code="r">2019-08-20</subfield>
    <subfield code="s">2019-08-20</subfield>
    <subfield code="t">1</subfield>
    <subfield code="w">2012-07-20</subfield>
    <subfield code="y">LB</subfield>
  </datafield>
  <datafield tag="952" ind1=" " ind2=" ">
    <subfield code="0">0</subfield>
    <subfield code="1">0</subfield>
    <subfield code="2">lcc</subfield>
    <subfield code="4">0</subfield>
    <subfield code="7">0</subfield>
    <subfield code="a">21</subfield>
    <subfield code="b">21</subfield>
    <subfield code="d">2012-05-24</subfield>
    <subfield code="l">1</subfield>
    <subfield code="o">D308 L69 r2007</subfield>
    <subfield code="p">21 000974</subfield>
    <subfield code="r">2015-08-11</subfield>
    <subfield code="s">2015-08-11</subfield>
    <subfield code="t">2</subfield>
    <subfield code="w">2012-07-20</subfield>
    <subfield code="y">LB</subfield>
  </datafield>
  <datafield tag="952" ind1=" " ind2=" ">
    <subfield code="0">0</subfield>
    <subfield code="1">0</subfield>
    <subfield code="2">lcc</subfield>
    <subfield code="4">0</subfield>
    <subfield code="7">0</subfield>
    <subfield code="a">21</subfield>
    <subfield code="b">21</subfield>
    <subfield code="d">2012-05-24</subfield>
    <subfield code="l">2</subfield>
    <subfield code="o">D308 L69 r2007</subfield>
    <subfield code="p">21 000975</subfield>
    <subfield code="r">2018-11-22</subfield>
    <subfield code="s">2018-11-22</subfield>
    <subfield code="t">3</subfield>
    <subfield code="w">2012-07-20</subfield>
    <subfield code="y">LB</subfield>
  </datafield>
  <datafield tag="952" ind1=" " ind2=" ">
    <subfield code="0">0</subfield>
    <subfield code="1">0</subfield>
    <subfield code="2">lcc</subfield>
    <subfield code="4">0</subfield>
    <subfield code="7">0</subfield>
    <subfield code="a">21</subfield>
    <subfield code="b">21</subfield>
    <subfield code="d">2012-05-24</subfield>
    <subfield code="l">1</subfield>
    <subfield code="o">D308 L69 r2007</subfield>
    <subfield code="p">21 000976</subfield>
    <subfield code="r">2016-03-01</subfield>
    <subfield code="s">2016-03-01</subfield>
    <subfield code="t">4</subfield>
    <subfield code="w">2012-07-20</subfield>
    <subfield code="y">LB</subfield>
  </datafield>
  <datafield tag="952" ind1=" " ind2=" ">
    <subfield code="0">0</subfield>
    <subfield code="1">0</subfield>
    <subfield code="2">lcc</subfield>
    <subfield code="4">0</subfield>
    <subfield code="7">0</subfield>
    <subfield code="a">21</subfield>
    <subfield code="b">21</subfield>
    <subfield code="d">2012-05-24</subfield>
    <subfield code="l">2</subfield>
    <subfield code="o">D308 L69 r2007</subfield>
    <subfield code="p">21 000977</subfield>
    <subfield code="r">2016-09-08</subfield>
    <subfield code="s">2016-09-08</subfield>
    <subfield code="t">5</subfield>
    <subfield code="w">2012-07-20</subfield>
    <subfield code="y">LB</subfield>
  </datafield>
  <datafield tag="952" ind1=" " ind2=" ">
    <subfield code="0">0</subfield>
    <subfield code="1">0</subfield>
    <subfield code="2">lcc</subfield>
    <subfield code="4">0</subfield>
    <subfield code="7">0</subfield>
    <subfield code="a">21</subfield>
    <subfield code="b">21</subfield>
    <subfield code="d">2012-05-24</subfield>
    <subfield code="l">3</subfield>
    <subfield code="o">D308 L69 r2007</subfield>
    <subfield code="p">21 000978</subfield>
    <subfield code="r">2016-08-16</subfield>
    <subfield code="s">2016-08-16</subfield>
    <subfield code="t">6</subfield>
    <subfield code="w">2012-07-20</subfield>
    <subfield code="y">LB</subfield>
  </datafield>
  <datafield tag="952" ind1=" " ind2=" ">
    <subfield code="0">0</subfield>
    <subfield code="1">0</subfield>
    <subfield code="2">lcc</subfield>
    <subfield code="4">0</subfield>
    <subfield code="7">0</subfield>
    <subfield code="a">21</subfield>
    <subfield code="b">21</subfield>
    <subfield code="d">2012-05-24</subfield>
    <subfield code="l">5</subfield>
    <subfield code="o">D308 L69 r2007</subfield>
    <subfield code="p">21 000979</subfield>
    <subfield code="r">2020-02-12</subfield>
    <subfield code="s">2020-02-12</subfield>
    <subfield code="t">7</subfield>
    <subfield code="w">2012-07-20</subfield>
    <subfield code="y">LB</subfield>
  </datafield>
  <datafield tag="999" ind1=" " ind2=" ">
    <subfield code="c">83474</subfield>
    <subfield code="d">83474</subfield>
  </datafield>
  <controlfield tag="008">120721s2007    mx acb        000 0 spa d</controlfield>
  <datafield tag="020" ind1=" " ind2=" ">
    <subfield code="a">9789702404453</subfield>
  </datafield>
  <datafield tag="050" ind1=" " ind2=" ">
    <subfield code="a">D308</subfield>
    <subfield code="b">L69 r2007</subfield>
  </datafield>
  <datafield tag="100" ind1=" " ind2=" ">
    <subfield code="a">Lozano Fuentes, Jos&#xE9; Manuel</subfield>
  </datafield>
  <datafield tag="245" ind1="1" ind2="0">
    <subfield code="a">Historia universal contemporanea</subfield>
    <subfield code="b">/ Jose Manuel Lozano Fuentes, Amalia L&#xF3;pez Reyes</subfield>
  </datafield>
  <datafield tag="250" ind1=" " ind2=" ">
    <subfield code="a">2a edici&#xF3;n</subfield>
  </datafield>
  <datafield tag="260" ind1=" " ind2=" ">
    <subfield code="a">M&#xE9;xico</subfield>
    <subfield code="b">: Patria</subfield>
    <subfield code="c">; 2007.</subfield>
  </datafield>
  <datafield tag="300" ind1=" " ind2=" ">
    <subfield code="a">387 p&#xE1;ginas</subfield>
    <subfield code="b">: ilustraciones, fotograf&#xED;as, mapas</subfield>
    <subfield code="c">; 25 cm.</subfield>
  </datafield>
  <datafield tag="500" ind1=" " ind2=" ">
    <subfield code="a">2a reimpresi&#xF3;n, 2007</subfield>
  </datafield>
  <datafield tag="505" ind1=" " ind2=" ">
    <subfield code="a">Antecedentes de la edad contempor&#xE1;nea
Nociones sobre la naturaleza del conocimiento hist&#xF3;rico
Revoluci&#xF3;n Francesa
Napole&#xF3;n Bonaparte
Independencia de America
Europa 1815 a 1848
Inglaterra en el siglo XIX
Europa de 1848 a 1870
Cultura en el siglo XIX
Revoluci&#xF3;n maquinista
Pimera Guerra Mundial
Fascismo en Italia
Nazismo Aleman
Militarismo japones
Segunda Guerra Mundial
Medio Oriente en la postguerra
Cultura de America 1945</subfield>
  </datafield>
  <datafield tag="519" ind1=" " ind2=" ">
    <subfield code="a">Plan UNAM /</subfield>
    <subfield code="b">Peparatoria /</subfield>
    <subfield code="c">Historia Universal Moderna y Contempor&#xE1;nea II (1403-5) /</subfield>
    <subfield code="d">(21 000973,21 000974,21 000975,21 000976,21 000977,21 000978,21 000979)</subfield>
  </datafield>
  <datafield tag="650" ind1=" " ind2=" ">
    <subfield code="a">HISTORIA UNIVERSAL</subfield>
  </datafield>
  <datafield tag="700" ind1=" " ind2=" ">
    <subfield code="a">L&#xF3;pez Reyes, Amalia</subfield>
    <subfield code="e">autor</subfield>
  </datafield>
  <datafield tag="942" ind1=" " ind2=" ">
    <subfield code="2">lcc</subfield>
    <subfield code="c">LB</subfield>
  </datafield>
</record>
